00777nam a2200181 a 450000100100000000500170001000800410002704000250006808200150009310000340010824500650014226000670020730000210027404900090029595201140030495201600041899900170057800003228820200930063605.0110714s1941 dr 000 0 spa d aDO-SdBNPbspacBNPHU axxxxbM6151 aMeyreles Soler, Rafael93774510aPoemas cortos de la angustia larga /cRafael Meyreles Soler. aCiudad Trujillo, República Dominicana :bLa Nación,c1941. a101 p. ;c21 cm. aBNPD 00107-18PDaPDbPDcOId2018-10-29iLF1l0oxxxx M615p32288-20r2020-06-25w2020-06-25yLFPDZNo se presta 001050718RVaPDbPDcCTd2011-07-14iLF1l0oxxxx M615p32288-10r2020-06-25w2020-06-25y1zPerteneció a la colección Martínez BoogZNo se presta c31779d31779